MARC details
| 000 -LEADER |
| campo de control de longitud fija |
01931nam a2200433 i 4500 |
| 001 - NÚMERO DE CONTROL |
| campo de control |
193137 |
| 003 - IDENTIFICADOR DE NÚMERO DE CONTROL |
| campo de control |
SpMaBN |
| 005 - FECHA Y HORA DE LA ÚLTIMA TRANSACCIÓN |
| campo de control |
20240708063028.0 |
| 008 - DATOS DE LONGITUD FIJA--INFORMACIÓN GENERAL |
| campo de control de longitud fija |
230823s2019 sp a | ||||o000 0 spa |
| 017 ## - NÚMERO DE COPYRIGHT O DE DEPÓSITO LEGAL |
| Número de copyright o de depósito legal |
M 13378-2019 |
| Agencia que asigna |
Oficina Depósito Legal Madrid |
| 035 ## - NÚMERO DE CONTROL DEL SISTEMA |
| Número de control de sistema |
(OCoLC)1135238444 |
| 035 ## - NÚMERO DE CONTROL DEL SISTEMA |
| Número de control de sistema |
a6583148 |
| 040 ## - FUENTE DE CATALOGACIÓN |
| Centro catalogador/agencia de origen |
SpMaBN |
| Lengua de catalogación |
spa |
| Centro/agencia transcriptor |
SpMaBN |
| Normas de descripción |
rda |
| 080 ## - NÚMERO DE LA CLASIFICACIÓN DECIMAL UNIVERSAL |
| Número de la Clasificación Decimal Universal |
069(460.271) |
| 080 ## - NÚMERO DE LA CLASIFICACIÓN DECIMAL UNIVERSAL |
| Número de la Clasificación Decimal Universal |
726:2-523.6(460.271)(091) |
| 080 ## - NÚMERO DE LA CLASIFICACIÓN DECIMAL UNIVERSAL |
| Número de la Clasificación Decimal Universal |
726.033.5:27-523.5(460.271) |
| 245 04 - MENCIÓN DEL TÍTULO |
| Título |
Las piedras viajeras : |
| Resto del título |
de cómo llegó el Claustro de Los Jerónimos al Museo de San Isidro / |
| Mención de responsabilidad, etc. |
texto, Alberto González Alonso, Concha Cirujano Gutiérrez, Álvaro Martínez-Novillo, Miguel Sobrino González ; ilustraciones, Miguel Sobrino González. |
| 264 #1 - PRODUCCIÓN, PUBLICACIÓN, DISTRIBUCIÓN, FABRICACIÓN Y COPYRIGHT |
| Producción, publicación, distribución, fabricación y copyright |
[Madrid] : |
| Nombre del de productor, editor, distribuidor, fabricante |
Museo de San Isidro, Los Orígenes de Madrid, |
| Fecha de producción, publicación, distribución, fabricación o copyright |
[2019] |
| 300 ## - DESCRIPCIÓN FÍSICA |
| Extensión |
68 páginas, 1 página sin numerar : |
| Otras características físicas |
ilustraciones (color) ; |
| Dimensiones |
27 cm |
| 336 ## - TIPO DE CONTENIDO |
| Término de tipo de contenido |
Texto |
| Fuente |
rdacontent |
| 337 ## - TIPO DE MEDIO |
| Nombre/término del tipo de medio |
sin mediación |
| Fuente |
rdamedia |
| 338 ## - TIPO DE SOPORTE |
| Nombre/término del tipo de soporte |
volumen |
| Fuente |
rdacarrier |
| 500 ## - NOTA GENERAL |
| Nota general |
Catalogación provisional. Signatura: N 8622. Depósito J. |
| 504 ## - NOTA DE BIBLIOGRAFÍA, ETC. |
| Nota de bibliografía, etc. |
Bibliografía: página 71 |
| 610 24 - PUNTO DE ACCESO ADICIONAL DE MATERIA--NOMBRE DE ENTIDAD CORPORATIVA |
| Nombre de entidad corporativa o nombre de jurisdicción como elemento de entrada |
Museo de San Isidro (Madrid) |
| Fuente del encabezamiento o término |
embne |
| 9 (RLIN) |
172710 |
| 610 27 - PUNTO DE ACCESO ADICIONAL DE MATERIA--NOMBRE DE ENTIDAD CORPORATIVA |
| Nombre de entidad corporativa o nombre de jurisdicción como elemento de entrada |
Monasterio de San Jerónimo el Real (Madrid)- |
| 9 (RLIN) |
134690 |
| Subdivisión general |
Historia |
| 650 #7 - PUNTO DE ACCESO ADICIONAL DE MATERIA--TÉRMINO DE MATERIA |
| Término de materia o nombre geográfico como elemento de entrada |
Claustros góticos |
| Subdivisión geográfica |
Madrid |
| Fuente del encabezamiento o término |
embne |
| 9 (RLIN) |
234034 |
| 700 1# - ENTRADA AGREGADA--NOMBRE PERSONAL |
| Nombre de persona |
González Alonso, Alberto |
| Término indicativo de función/relación |
Autor |
| 9 (RLIN) |
234035 |
| 700 1# - ENTRADA AGREGADA--NOMBRE PERSONAL |
| Nombre de persona |
Cirujano Gutiérrez, Concha |
| Término indicativo de función/relación |
Autor |
| 9 (RLIN) |
234036 |
| 700 1# - ENTRADA AGREGADA--NOMBRE PERSONAL |
| Nombre de persona |
Martínez-Novillo, Álvaro |
| Término indicativo de función/relación |
Autor |
| 9 (RLIN) |
234037 |
| 700 1# - ENTRADA AGREGADA--NOMBRE PERSONAL |
| Nombre de persona |
Sobrino González, Miguel |
| Término indicativo de función/relación |
Autor |
| -- |
Ilustrador |
| 9 (RLIN) |
234038 |
| 852 ## - LOCALIZACIÓN |
| Ubicación |
ES-MaACL |
| itemnumber |
200452 |
| Sublocalización o colección |
R.152758 |
| Número de control de estantería |
N-8622 |
| Ubicación en estantería |
Depósito J |
| Donativo/Legado |
Donación: Eduardo Salas Vazquez |
| Nota libre |
En proceso |
| 903 ## - NOMBRE PERSONAL DE DONANTE |
| 9 |
234033 |
| a |
Salas Vazquez, Eduardo |
| e |
Donante |
| 942 ## - ELEMENTOS DE ENTRADA SECUNDARIOS (KOHA) |
| Tipo de ítem Koha |
Libro impreso |